Počasie ovplyvňuje predaj nápojov

Logistika v oblasti alkoholických a nealkoholických nápojov. Hlavné špecifiká nápojovej logistiky, najmä piva. Hlavná sezóna logistiky. Environmentálna politika.

Saved in:
Bibliographic Details
Main Author: Brezovský, Jozef
Format: Book Chapter
Language:Slovak
Subjects:
Tags: Add Tag
No Tags, Be the first to tag this record!

MARC

LEADER 00000naa a2200000 4500
001 0259971
005 20200306131930.5
041 0 |a slo 
044 |a CZ 
245 1 0 |a Počasie ovplyvňuje predaj nápojov  |c Jozef Brezovský 
520 |a Logistika v oblasti alkoholických a nealkoholických nápojov. Hlavné špecifiká nápojovej logistiky, najmä piva. Hlavná sezóna logistiky. Environmentálna politika. 
610 2 0 |a nápoje alkoholické 
610 2 0 |a nápoje nealkoholické 
610 2 0 |a logistika 
610 2 0 |a reťazce distribučné 
610 2 0 |a pivo 
610 2 0 |a počasie 
610 2 0 |a predaj 
100 1 |a Brezovský, Jozef